000 00878nmc a2200289 a 4500
003 AR-BaBNM
005 20251128211301.0
008 313120s2001 ||||||||||||||000 | spa||
020 _a950-07-1385-X
040 _cAR-BaBNM
245 1 0 _aCrisis económica, avance del estado e incertidumbre política
_b1930-1943
260 _aBuenos Aires
_bSudamericana
_c2001
300 _a477 p.
_bláms.
490 0 _aNueva Historia Argentina
_vv. 7
504 _aCada uno de los trabajos contiene bibliografía para consultar
650 4 _aHISTORIA ARGENTINA
650 4 _aSIGLO VEINTE
650 4 _aHISTORIA POLITICA
650 4 _aHISTORIA SOCIAL
650 4 _aINTELECTUALES
650 4 _aREVOLUCION DE 1930
650 4 _aHISTORIA DE LA MEDICINA
700 1 _aCattaruzza, Alejandro
_edirector
800 1 _aSuriano, Juan
_ecoordinador
942 _cBK
998 _cMariana
999 _c18995
_d18995